Breaking Bad/Better Call Saul Episodes - Statistics

General Stats
  • This quiz has been taken 27 times
  • The average score is 43 of 127
Answer Stats
Hint Answer % Correct
S1E1 Pilot
92%
BETTER CALL SAUL CUTOFF | BREAKING BAD CUTOFF a
85%
S5E16 Felina
85%
S5E14 Ozymandias
85%
S6E11 Breaking Bad
77%
S5E15 Granite State
77%
S1E2 The Cat's in the Bag
77%
S1E3 And the Bag's in the River
69%
S2E8 Better Call Saul
69%
S4E13 Face Off
69%
S6E13 Saul Gone
69%
S2E1 Seven Thirty-Seven
69%
S2E13 ABQ
62%
S3E10 Fly
62%
S3E13 Full Measure
62%
S2E2 Grilled
62%
S2E10 Over
62%
S1E1 Uno
62%
S1E7 A No-Rough-Stuff-Type Deal
54%
S4E11 Crawl Space
54%
S2E4 Down
54%
S6E9 Fun and Games
54%
S3E12 Half Measures
54%
S6E10 NIPPY
54%
S2E12 Phoenix
54%
S6E7 Plan and Execution
54%
S6E8 Point and Shoot
54%
S5E12 Rabid Dog
54%
S5E13 To'hajiilee
54%
S2E9 4 Days Out
46%
S2E3 Bit by a Dead Bee
46%
S4E1 Box Cutter
46%
S2E5 Breakage
46%
S1E4 Cancer Man
46%
S3E5 Chicanery
46%
S5E11 Confessions
46%
S4E12 End Time
46%
S1E5 Gray Matter
46%
S2E7 Negro y Azul
46%
S4E3 Open House
46%
S6E3 Rock and Hard Place
46%
S4E10 Salud
46%
S6E12 Waterworks
46%
S6E5 Black and Blue
38%
S5E9 Blood Money
38%
S5E10 Buried
38%
S6E2 Carrot and Stick
38%
S5E5 Dead Freight
38%
S5E8 Gliding Over All
38%
S4E8 Hermanos
38%
S3E9 Kafkaesque
38%
S5E1 Live Free or Die
38%
S1E10 Marco
38%
S3E5 Mas
38%
S1E3 Nacho
38%
S3E1 No Mas
38%
S2E6 Peekaboo
38%
S4E7 Something Stupid
38%
S3E11 Abiquiu
31%
S4E9 Bug
31%
S1E6 Crazy Handful of Nothin'
31%
S1E6 Five-O
31%
S6E4 Hit and Run
31%
S3E10 Lantern
31%
S5E2 Madrigal
31%
S2E11 Mandala
31%
S1E2 Mijo
31%
S3E7 One Minute
31%
S5E7 Say My Name
31%
S4E5 Shotgun
31%
S4E3 Something Beautiful
31%
S5E10 Something Unforgivable
31%
S3E6 Sunset
31%
S4E10 Winner
31%
S6E6 Axe and Grind
23%
S5E8 Bagman
23%
S4E4 Bullet Points
23%
S5E6 Buyout
23%
S3E2 Caballo Sin Nombre
23%
S5E4 Fifty-One
23%
S3E4 Green Light
23%
S5E3 Hazard Pay
23%
S3E3 I.F.T.
23%
S3E8 I See You
23%
S2E5 Rebecca
23%
S4E2 Thirty-Eight
23%
S6E1 Wine and Roses
23%
S5E2 50% Off
15%
S1E5 Alpine Shepherd Boy
15%
S2E6 Bali Ha'i
15%
S5E5 Dedicado a Max
15%
S3E9 Fall
15%
S5E7 JMM
15%
S5E1 Magic Man
15%
S2E9 Nailed
15%
S1E9 Pimento
15%
S4E7 Problem Dog
15%
S3E8 Slip
15%
S5E3 The Guy for This
15%
S1E7 Bingo
8%
S4E6 Cornered
8%
S4E8 Coushatta
8%
S2E4 Gloves Off
8%
S1E4 Hero
8%
S2E10 Klick
8%
S3E1 Mabel
8%
S5E4 Namaste
8%
S3E6 Off Brand
8%
S3E4 Sabrosito
8%
S3E3 Sunk Costs
8%
S2E1 Switch
8%
S3E2 Witness
8%
S2E3 Amarillo
0%
S5E9 Bad Choice Road
0%
S4E2 Breathe
0%
S2E2 Cobbler
0%
S3E7 Expenses
0%
S2E8 Fifi
0%
S2E7 Inflatable
0%
S4E6 Pinata
0%
S4E5 Quite a Ride
0%
S1E8 Rico
0%
S4E1 Smoke
0%
S4E4 Talk
0%
S5E6 Wexler v. Goodman
0%
S4E9 Wiedersehen
0%
No matching quizzes found
Score Distribution
Percent of People with Each Score
Percentile by Number Answered
Your Score History
You have not taken this quiz